Statistiques concernant Les tops de spotify en 2019 (musique et rap)

Cliquez ici pour prendre le quiz!

Statistiques générales

  • Ce quiz a été pris 685 fois
  • Le résultat moyen est 8 sur 30

Statistiques - réponses

ClassementTop 10 des artistes% Correct
1Ninho
85%
4Jul
81%
2PNL
72%
8Damso
70%
5Niska
63%
10Booba
60%
3Nekfeu
58%
1Destin
53%
3Deux frères
44%
1Au DD
40%
6La vie qu’on mène
38%
6Koba LaD
34%
2Goutte d’eau
25%
7Lomepal
22%
3Maman ne le sait pas
19%
6Mr Sal
10%
4Médicament
9%
2Amina/ Jeannine
8%
9Rien 100 Rien
8%
9Roméo Elvis
7%
10Trop beau
7%
8Cicatrices
5%
7Brol
4%
4Les étoiles vagabondes: expansion
4%
7Balance ton quoi
3%
8Elle est bonne sa mère
2%
5Khapta
2%
10Nakamura
2%
9Old Town Road
2%
5En esprit
1%

Distribution des résultats

Percentile par nombre de réponses

% des personnes avec chaque résultat

Votre développement - résultats

Vous n’avez pas pris ce quiz